How to think like a computer scientist: (Record no. 5897)

MARC details
000 -LEADER
fixed length control field 00647nam a22002297a 4500
003 - CONTROL NUMBER IDENTIFIER
control field OSt
005 - DATE AND TIME OF LATEST TRANSACTION
control field 20220107122834.0
008 - FIXED-LENGTH DATA ELEMENTS--GENERAL INFORMATION
fixed length control field 171120b xxu||||| |||| 00| 0 eng d
020 ## - INTERNATIONAL STANDARD BOOK NUMBER
International Standard Book Number 9789351198147
040 ## - CATALOGING SOURCE
Transcribing agency IIITMK
082 ## - DEWEY DECIMAL CLASSIFICATION NUMBER
Classification number 005.133P DOW/H
100 ## - MAIN ENTRY--PERSONAL NAME
Personal name Downey, Allen
9 (RLIN) 13215
245 ## - TITLE STATEMENT
Title How to think like a computer scientist:
Remainder of title Learning with python
260 ## - PUBLICATION, DISTRIBUTION, ETC.
Place of publication, distribution, etc. New Delhi,
Name of publisher, distributor, etc. Dreamtech Press,
Date of publication, distribution, etc. 2015
300 ## - PHYSICAL DESCRIPTION
Extent xxviii, 250p.
650 ## - SUBJECT ADDED ENTRY--TOPICAL TERM
Topical term or geographic name entry element COMPUTER SCIENCE
9 (RLIN) 13216
650 ## - SUBJECT ADDED ENTRY--TOPICAL TERM
Topical term or geographic name entry element PROGRAMMING LANGUAGE
9 (RLIN) 13217
650 ## - SUBJECT ADDED ENTRY--TOPICAL TERM
Topical term or geographic name entry element PYTHON
9 (RLIN) 13218
700 ## - ADDED ENTRY--PERSONAL NAME
Personal name Elkner, Jeffrey
9 (RLIN) 13219
700 ## - ADDED ENTRY--PERSONAL NAME
Personal name Meyers, Chris
9 (RLIN) 13220
942 ## - ADDED ENTRY ELEMENTS (KOHA)
Source of classification or shelving scheme Dewey Decimal Classification
Koha item type Books
Holdings
Withdrawn status Lost status Source of classification or shelving scheme Damaged status Not for loan Collection code Home library Current library Shelving location Date acquired Cost, normal purchase price Total Checkouts Total Renewals Full call number Barcode Date last seen Date last checked out Price effective from Koha item type
    Dewey Decimal Classification     Non Fiction Kerala University of Digital Sciences, Innovation and Technology Knowledge Centre Kerala University of Digital Sciences, Innovation and Technology Knowledge Centre Computer Science 20/11/2017 224.00 29 6 005.133P DOW/H 4974 18/04/2026 08/04/2026 20/11/2017 Books